LDR 00892naa#a2200217#i#450# 001 EN\\bibl\126434 005 20260630020148.2 011 ## _a2223-9987 100 ## _a20260629b2026####ek#y0engy0150####ca 102 ## _aRU 200 1# _aIdentification of Arc Processes in the Contact Network of Urban Electric Transport by Methods of Oscillographic Monitoring and Spectral Processing _eJournal article 210 1# _aSaint-Petersburg _cFSBEI HE "Emperor Alexander I St. Petersburg State Transport University" _d2026 215 ## _a7 с. 608 ## _aJournal article _2local 675 ## _aРелейная защита. Селективная защита. 621.316.925 _z 700 #1 _aAgunov _gAleksandr Viktorovich 700 #1 _aScherban' _gAleksandr Vladimirovich 700 #1 _aArhipov _gDmitriy Dmitrievich 700 #1 _aKuznecov _gAnton Alekseevich 700 #1 _aSimonenko _gKirill Dmitrievich 856 4# _aatjournal.ru _u